| 000 | 00678cam a2200229 i 4500 | ||
|---|---|---|---|
| 020 | _a0813802202 | ||
| 040 | _cDLC | ||
| 082 | 0 | 0 | _a581 LOW 1976 A060 Or. |
| 100 | 1 | _aBerlyn, Graeme P., | |
| 245 | 1 | 0 | _aBotanical microtechnique and cytochemistry / |
| 250 | _a1st ed. | ||
| 260 |
_aAmes, Iowa : _bIowa State University Press, _c1976. |
||
| 300 |
_aviii, 326 p. : _bill. ; _c24 cm. |
||
| 500 | _a"Revised from Botanical microtechnique, 3rd ed., John E. Sass." | ||
| 500 | _aIncludes index. | ||
| 650 | 0 | _aBotanical microtechnique. | |
| 650 | 0 | _aPlant cytochemistry | |
| 650 | 0 | _aPlant anatomy | |
| 700 | 1 | _aMiksche, Jerome P., | |
| 700 | 1 | _aSass, John E. | |
| 942 | _cEK | ||
| 999 |
_c14410 _d14410 |
||